| 000 | 00745nam a2200229 4500 | ||
|---|---|---|---|
| 003 | CBULib | ||
| 005 | 20250716091910.0 | ||
| 008 | 250715b |||||||| |||| 00| 0 eng d | ||
| 040 |
_aCBULib _bEnglish _cCBULib _erda |
||
| 041 | _aeng | ||
| 050 | _aCBU(02)2017/1 | ||
| 110 | _aThe Copperbelt University(CBU) | ||
| 245 |
_aThe constitution of The Copperbelt University Medical Trust _c/ by The Copperbelt University(CBU) |
||
| 260 |
_aKitwe : _bCopperbelt University Medical Trust(CBUMT) _c[2017] |
||
| 300 | _a17 pages | ||
| 336 |
_2rdacontent _aText | _btxt |
||
| 337 |
_2rdamedia _aUnmediated | _bn |
||
| 338 |
_2rdacarrier _aVolume _bnc |
||
| 650 | 0 |
_94678 _aCONSTITUTION |
|
| 650 | 0 |
_94679 _aMEDICAL HEALTH--CONSTITUTION |
|
| 942 |
_2mc _c030 |
||
| 999 |
_c86273 _d86273 |
||